| 000 | 01703nam a2200445Ia 4500 | ||
|---|---|---|---|
| 001 | 733752546 | ||
| 003 | OCoLC | ||
| 005 | 20150408114110.0 | ||
| 006 | m d | ||
| 007 | cr unu | ||
| 008 | 110630s2011 caua s 001 0 eng d | ||
| 020 | _z9780321700995 | ||
| 020 | _a9780321712882 | ||
| 020 | _a0321712889 | ||
| 035 | _a.b69825609 | ||
| 035 | _a(OCoLC)733752546 | ||
| 037 |
_aCL0500000094 _bSafari Books Online |
||
| 040 |
_aUMI _cUMI _dUtOrBLW |
||
| 082 |
_222 _a006.6 _bEKR |
||
| 090 |
_aTR267 _b.E38 2011 |
||
| 100 | 1 |
_aEismann, Katrin. _919465 |
|
| 245 | 1 | 0 |
_aReal world digital photography _h[electronic resource] / _cKatrin Eismann, Seán Duggan, Tim Grey. |
| 246 | 3 | 0 | _aDigital photography. |
| 250 | _a3rd ed. | ||
| 260 |
_aBerkeley, Calif. : _bPeachpit Press, _cc2011. |
||
| 300 |
_a1 online resource (xxiv, 575 p.) : _bcol. ill. |
||
| 490 | 1 | _aReal world. | |
| 500 | _aIncludes index. | ||
| 650 | 0 |
_aPhotography _xDigital techniques. _94986 |
|
| 650 | 0 |
_aDigital cameras. _94988 |
|
| 655 | 7 |
_aElectronic books. _2lcgft. _94135 |
|
| 700 | 1 |
_aDuggan, Seán, _d1962- _919466 |
|
| 700 | 1 |
_aGrey, Tim. _919467 |
|
| 773 | 0 | _tSafari books online. | |
| 776 | 0 | 8 |
_iPrint version: _aEismann, Katrin. _tReal world digital photography. _b3rd ed. _dBerkeley, CA : Peachpit Press, c2011 _z9780321700995 _w(OCoLC)646395812. |
| 830 | 0 |
_aReal world. _919468 |
|
| 856 | 4 |
_zConnect to electronic resource _uhttp://proquest.safaribooksonline.com/?uiCode=ohlink&xmlId=9780321712882 |
|
| 856 | 4 |
_zConnect to electronic resource (off-campus access) _uhttp://proxy.ohiolink.edu:9099/login?url=http://proquest.safaribooksonline.com/?uiCode=ohlink&xmlId=9780321712882 |
|
| 942 |
_2ddc _cDVD |
||
| 999 |
_c26791 _d261291 |
||